| 000 | 00830nam a22002535a 4500 | ||
|---|---|---|---|
| 005 | 20171111155720.0 | ||
| 008 | 171111s2010 ii frb 001 0 eng d | ||
| 020 | _a9788183565325 | ||
| 040 |
_aEG-ScBUE _beng _cEG-ScBUE |
||
| 082 | 0 | 4 |
_a330.917671 _bNAV _222 |
| 100 | 1 | _aNavaid, M. I. | |
| 245 | 1 | 0 |
_aEconomy and business in Islam / _cM. I. Navaid. |
| 250 | _a1st ed. | ||
| 260 |
_aNew Delhi : _bDiscovery Pub. House, _c2010. |
||
| 300 |
_a372 p. ; _c24 cm. |
||
| 490 | 0 |
_aWorld of Islam ; _v9 |
|
| 504 | _aIncludes bibliographical references and index. | ||
| 650 | 7 |
_aEconomics _xReligious aspects _xIslam. _2BUEsh _933913 |
|
| 650 | 7 |
_aBusiness _xReligious aspects _xIslam. _2BUEsh |
|
| 650 | 7 |
_aBanks and banking _xReligious aspects _xIslam. _2BUEsh _932829 |
|
| 651 | _2BUEsh | ||
| 653 |
_bBUSECO _cNovember2017 |
||
| 942 | _2ddc | ||
| 999 |
_c25563 _d25535 |
||